|
|
|
|
| LEADER |
01991nam a2200469 i 4500 |
| 001 |
EBC4338432 |
| 003 |
MiAaPQ |
| 005 |
20200917021826.0 |
| 006 |
m o d | |
| 007 |
cr cnu|||||||| |
| 008 |
160211t20162016gw ob 001 0 ger d |
| 020 |
|
|
|z 9783110335040
|
| 020 |
|
|
|a 9783110345933
|q (electronic bk.)
|
| 020 |
|
|
|a 9783110384529
|q (electronic bk.)
|
| 035 |
|
|
|a (MiAaPQ)EBC4338432
|
| 035 |
|
|
|a (Au-PeEL)EBL4338432
|
| 035 |
|
|
|a (CaPaEBR)ebr11150246
|
| 035 |
|
|
|a (CaONFJC)MIL888815
|
| 035 |
|
|
|a (OCoLC)935921520
|
| 040 |
|
|
|a MiAaPQ
|b eng
|e rda
|e pn
|c MiAaPQ
|d MiAaPQ
|
| 050 |
|
4 |
|a BC73
|b .T83 2016
|
| 082 |
0 |
|
|a 160
|2 23
|
| 100 |
1 |
|
|a Twardowski, Kazimierz,
|d 1866-1938,
|e author.
|
| 245 |
1 |
0 |
|a Logik :
|b Wiener Logikkolleg, 1894-95 /
|c Kazimierz Twardowski ; Herausgegeben von Arianna Betti und Venanzio Raspa.
|
| 264 |
|
1 |
|a Berlin, Germany ;
|a Boston, [Massachusetts] :
|b De Gruyter,
|c 2016.
|
| 264 |
|
4 |
|c 2016
|
| 300 |
|
|
|a 1 online resource (306 pages).
|
| 336 |
|
|
|a text
|2 rdacontent
|
| 337 |
|
|
|a computer
|2 rdamedia
|
| 338 |
|
|
|a online resource
|2 rdacarrier
|
| 490 |
1 |
|
|a Phenomenology & Mind,
|x 2198-2058 ;
|v Volume 17
|
| 504 |
|
|
|a Includes bibliographical references and index.
|
| 588 |
|
|
|a Description based on print version record.
|
| 590 |
|
|
|a Electronic reproduction. Ann Arbor, MI : ProQuest, 2016. Available via World Wide Web. Access may be limited to ProQuest affiliated libraries.
|
| 650 |
|
0 |
|a Logic.
|
| 655 |
|
4 |
|a Electronic books.
|
| 700 |
1 |
|
|a Betti, Arianna,
|d 1970-
|e editor.
|
| 700 |
1 |
|
|a Raspa, Venanzio,
|e editor.
|
| 776 |
0 |
8 |
|i Print version:
|a Twardowski, Kazimierz, 1866-1938.
|t Logik : Wiener Logikkolleg, 1894-95.
|d Berlin, Germany ; Boston, [Massachusetts] : De Gruyter, c2016
|h xxxviii, 268 pages
|k Phenomenology & mind ; Volume 17.
|z 9783110335040
|
| 797 |
2 |
|
|a ProQuest (Firm)
|
| 830 |
|
0 |
|a Phenomenology & mind ;
|v Volume 17.
|
| 856 |
4 |
0 |
|u https://ebookcentral.proquest.com/lib/matrademy/detail.action?docID=4338432
|z Click to View
|